000 00620nam a22001817a 4500
005 20251108173449.0
008 250721s2007 xx 000 0 ara d
082 1 4 _a300.72/ كشر
100 1 _aكشرود، عمار الطيب
245 1 0 _aالبحث العلمي و مناهجه في العلوم الإجتماعية و السلوكية /
264 1 _aعمان :
_bدار المناهج للنشر و التوزيع،
_c2007.
300 _a368ص.
650 1 7 _aالعلوم الاجتماعية
650 1 7 _aالأبحاث
650 1 7 _aالأسلوب العلمي
942 _2ddc
_cBK
999 _c104498
_d104498